Managing climate change [electronic resource]

Climate change is the apex of a whole range of issues which will be crucial for our planet's future and for the generations to come - ranging from the unsustainable use of our planet's resources, peak oil, the exponential problem of waste, the population explosion. Therefore in addressing...

Full description

Bibliographic Details
Format: Book
Language:English
Published: Bradford, England : Emerald , c2008
Series:Strategic direction v 24, no 6
Subjects:
Online Access:NetLibrary

MARC

LEADER 00000cam a2200000 7i4500
001 0000070813
005 20110510093000.0
008 081124s2008 enk eng
020 |a 1846638798 (electronic bk.) 
020 |a 9781846638787 
020 |a 9781846638794 (electronic bk.) 
090 0 0 |a QC981.8.C5   |b M36 vol. 24, no. 6 
245 0 0 |a Managing climate change [electronic resource]   |c guest editor, Rachel Brown 
260 |a Bradford, England :   |b Emerald ,   |c c2008 
300 |a 1 online resource 
440 0 |a Strategic direction   |x 0258-0543   |v v 24, no 6 
500 |a Title from PDF cover (viewed Nov 24, 2008) 
504 |a Includes bibliographical references 
520 |a Climate change is the apex of a whole range of issues which will be crucial for our planet's future and for the generations to come - ranging from the unsustainable use of our planet's resources, peak oil, the exponential problem of waste, the population explosion. Therefore in addressing the problem of climate change, businesses could address a number of strategic but inter-related issues at the same time. This e-book provides a selection of new articles and reviews of recently published articles on managing climate change aimed at businesses and business managers 
650 0 |a Climatic changes   |x Environmental aspects 
856 4 0 |3 NetLibrary   |u http://www.netlibrary.com/urlapi.asp?action=summary&v=1&bookid=237297 
999 |a 1000136814   |b Electronic Resource   |c OPEN SHELF (30 DAYS)   |e Gong Badak Campus